000 00838nam a22002297a 4500
003 OSt
005 20230118140014.0
008 221006b |||||||| |||| 00| 0 eng d
020 _a978 9930 9708 1 2
040 _cBiblioteca Lado V
082 _a741.6
_bS718b
100 _eautor
_9569
_aSouto Morua, Daniel
245 _aBreves anotaciones sobre la historia del diseño gráfico/
260 _bMuseo de Arte y Diseño Contemporáneo
_c2021
_aCosta Rica
300 _a50p.
_c24x21cm
650 _2Tesauro de Arte & Arquitectura
_aDISENO GRAFICO
650 _2Tesauro de Arte & Arquitectura
_aHISTORIA
650 _2Tesauro de Arte & Arquitectura
_aCOSTA RICA
650 _2Tesauro de Arte & Arquitectura
_aMUSEOS
650 _2Tesauro de Arte & Arquitectura
_aPERFORMANCE
942 _2ddc
_c1
_h741.6
_iS718b
_n0
999 _c2825
_d2825